| 000 | 00790pam a2200253 a 4500 | ||
|---|---|---|---|
| 001 | 4925383 | ||
| 005 | 20180129052305.0 | ||
| 008 | 950717s1995 flua bf 000 0 eng | ||
| 010 | _a 95023882 | ||
| 020 | _a0929895134 (alk. paper) | ||
| 040 |
_aDLC _cDLC _dDLC |
||
| 041 | _aeng | ||
| 043 | _an-us--- | ||
| 080 | _a372.623044 MAR | ||
| 082 | 0 | 0 |
_a372.623044 MAR _220 |
| 100 | 1 | _a48 | |
| 101 | _aEDU | ||
| 245 | 1 | 0 |
_aBuilding a writing community : _c[Marcia S. Freeman] |
| 504 | _aIncludes bibliographical references. | ||
| 906 |
_a7 _bcbc _corignew _d1 _eocip _f19 _gy-gencatlg |
||
| 942 |
_2ddc _cBK |
||
| 999 |
_c41145 _d41145 |
||